The reign of wonder : (Record no. 9336)
[ view plain ]
| 000 -LEADER | |
|---|---|
| fixed length control field | 01519cam a22002771 4500 |
| 001 - CONTROL NUMBER | |
| JCCL Control Number | 9336 |
| 003 - CONTROL NUMBER IDENTIFIER | |
| JCCL marc code | BD-JhCC |
| 005 - DATE AND TIME OF LATEST TRANSACTION | |
| control field | 20180320090108.0 |
| 008 - FIXED-LENGTH DATA ELEMENTS--GENERAL INFORMATION | |
| fixed length control field | 720420s1965 enk b 000 0 eng |
| 035 ## - SYSTEM CONTROL NUMBER | |
| system control number | (BD-JhCC)9336 |
| 035 ## - SYSTEM CONTROL NUMBER | |
| system control number | ocm01175533 |
| 035 ## - SYSTEM CONTROL NUMBER | |
| system control number | 162078 |
| 040 ## - CATALOGING SOURCE | |
| Original cataloging agency | DLC |
| Transcribing agency | DLC |
| Modifying agency | OCL |
| -- | UKM |
| -- | BUF |
| -- | CUD |
| -- | BD-JhCC |
| 041 ## - LANGUAGE CODE | |
| Language code of Book | eng |
| 050 0# - LIBRARY OF CONGRESS CALL NUMBER | |
| Classification number | PS88 |
| Item number | .T25 |
| 082 ## - DEWEY DECIMAL CLASSIFICATION NUMBER | |
| Classification number | 810.9 |
| Author mark and Year | TAN 1965 |
| 100 1# - MAIN ENTRY--PERSONAL NAME | |
| Personal name | Tanner, Tony. |
| 245 14 - TITLE STATEMENT | |
| Title | The reign of wonder : |
| Remainder of title | naivety and reality in American literature / |
| Statement of responsibility, etc | Tony Tanner |
| 260 ## - PUBLICATION, DISTRIBUTION, ETC. (IMPRINT) | |
| Place of publication, distribution, etc | Cambridge [Eng.] |
| Name of publisher, distributor, etc | University Press, |
| Date of publication, distribution, etc | 1965. |
| 300 ## - PHYSICAL DESCRIPTION | |
| Pagination | viii, 388 p. |
| Dimensions | 23 cm. |
| 504 ## - BIBLIOGRAPHY, ETC. NOTE | |
| Bibliography, etc | Bibliography: p. 362-380. |
| 505 00 - FORMATTED CONTENTS NOTE | |
| Title | The sleep of reason -- |
| -- | The transcendentalists: |
| -- | Saints behold: the transcendentalist point of view -- |
| -- | Emerson: the unconquered eye and the enchanted circle -- |
| -- | Thoreau and the sauntering eye -- |
| -- | Walt Whitman's ecstatic first step -- |
| -- | Transcendentalism and imagism -- |
| -- | Mark Twain: |
| -- | The doctors of the wilderness -- |
| -- | A system of reduction -- |
| -- | The voice of the outlaw -- |
| -- | The pond of youth -- |
| -- | Huck Finn and the reflections of a saphead -- |
| -- | The twentieth century: |
| -- | Gertrude Stein and the complete actual present -- |
| -- | Sherwood Anderson's little things -- |
| -- | Ernest Hemingway's unhurried sensations -- |
| -- | Henry James: |
| -- | The candid outsider -- |
| -- | The range of wonderment -- |
| -- | The subjective adventure -- |
| -- | Wonder and alienation -the mystic and the moviegoer. |
| 650 #0 - SUBJECT ADDED ENTRY--TOPICAL TERM | |
| Topical term or geographic name as entry element | American literature |
| General subdivision | History and criticism. |
| 942 ## - ADDED ENTRY ELEMENTS (KOHA) | |
| Source of classification or shelving scheme | Dewey Decimal Classification |
| Koha item type | Books |
| Source of classification or shelving scheme | Damaged status | Not for loan | Home library | Current library | Shelving location | Total Checkouts | Full call number | Barcode | Date last seen | Copy number | Koha item type |
|---|---|---|---|---|---|---|---|---|---|---|---|
| Dewey Decimal Classification | JCC Rouf Library | JCC Rouf Library | General Stacks | 810.9 TAN 1965 | 12525 | 03/13/2018 | C - 1 | Books |